Rhymes with 'NILE' Quiz Stats

 Plays Quiz Updated Dec 14, 2018

Support Sporcle.
Go Orange.
Score 0/26 Timer 03:00
2 Plays Today
% Correct
BILE
96.7%
MILE
96.3%
FILE
95.4%
PILE
94.2%
TILE
91%
DIAL
87.7%
RILE
87%
WHILE
83.5%
VILE
82.5%
WILE
70.6%
AISLE
69.7%
STYLE
68.5%
GUILE
64.2%
% Correct
TRIAL
61%
VIAL
52.4%
SMILE
50.6%
STILE
47.5%
ISLE
43.7%
SPILE
23.6%
LISLE
14%
PHIAL
11.9%
PIAL
9.9%
DIEL
3.2%
CHYLE
2.9%
VIOL
2.9%
FAILLE
1.6%

From the Vault

Remove Ads.
Support Sporcle.
Get the best of Sporcle when you Go Orange. This ad-free experience offers more features, more stats, and more fun while also helping to support Sporcle. Thank you for becoming a member.

Show Comments

Extras

Top Quizzes Today


Score Distribution

Your Account Isn't Verified!

In order to create a playlist on Sporcle, you need to verify the email address you used during registration. Go to your Sporcle Settings to finish the process.

Report this User

Report this user for behavior that violates our Community Guidelines.

Details: